Sports Quiz

Random Sports or NFL Quiz

Which NFL Division - NFC Quiz Stats

 Plays Quiz Updated May 11, 2018

Challenge
Share
Tweet
Embed
Score 0/16 Timer 02:00
2 Plays Today
Question Answer Wrong Answers
Minnesota Vikings North
94.7%
South
1%
East
0.9%
West
0.8%
Green Bay Packers North
94%
South
1%
East
1.4%
West
0.9%
San Francisco 49ers West
93.8%
North
1.4%
South
1.1%
East
1.1%
Detroit Lions North
93.3%
South
1.4%
East
2%
West
0.8%
New Orleans Saints South
93.1%
North
1.5%
East
1.5%
West
1.3%
Chicago Bears North
93.1%
South
1.1%
East
2.2%
West
0.9%
Los Angeles Rams West
92.9%
North
1.5%
South
1.8%
East
1.3%
Tampa Bay Buccaneers South
91.9%
North
1.4%
East
2.7%
West
1.2%
Philadelphia Eagles East
91.3%
North
4.2%
South
0.9%
West
0.9%
New York Giants East
91.3%
North
4.9%
South
0.7%
West
0.5%
Atlanta Falcons South
91.2%
North
1.7%
East
3.3%
West
1.2%
Seattle Seahawks West
90.1%
North
4.6%
South
1.2%
East
1.4%
Washington Redskins East
89.9%
North
3.3%
South
1.4%
West
2.8%
Arizona Cardinals West
89.3%
North
1.5%
South
5.4%
East
1.3%
Carolina Panthers South
88.3%
North
1.9%
East
6.2%
West
1.1%
Dallas Cowboys East
81%
North
1.8%
South
11.7%
West
3%

You're not logged in!

Compare scores with friends on all Sporcle quizzes.
OR
Log In

You Might Also Like...

Show Comments

Extras

Top Quizzes Today


Score Distribution

Your Account Isn't Verified!

In order to create a playlist on Sporcle, you need to verify the email address you used during registration. Go to your Sporcle Settings to finish the process.

Report this User

Report this user for behavior that violates our Community Guidelines.

Details: